| 000 | 01385cam a22003494a 4500 | ||
|---|---|---|---|
| 001 | 13720369 | ||
| 003 | OSt | ||
| 005 | 20180117085945.0 | ||
| 008 | 040915s2005 enk b 001 0 eng | ||
| 010 | _a 2004056373 | ||
| 020 | _a1845421779 | ||
| 040 |
_aDLC _cDLC _dDLC |
||
| 042 | _apcc | ||
| 043 | _ae-uk--- | ||
| 050 | 0 | 0 |
_aHN400.I56 _bT78 2005 |
| 082 | 0 | 0 |
_a303.48/34 _222 |
| 245 | 0 | 0 |
_aTrust and crime in information societies / _cedited by Robin Mansell and Brian S. Collins. |
| 260 |
_aCheltenham, UK ; _aNorthampton, MA : _bEdward Elgar, _c2005. |
||
| 300 |
_axvi, 459 p. ; _c24 cm. |
||
| 504 | _aIncludes bibliographical references and index. | ||
| 650 | 0 |
_aInformation society _zGreat Britain. |
|
| 650 | 0 |
_aInformation technology _xSocial aspects _zGreat Britain. |
|
| 650 | 0 |
_aTrust _xSocial aspects _zGreat Britain. |
|
| 650 | 0 |
_aRisk perception _zGreat Britain. |
|
| 650 | 0 |
_aComputer crimes _zGreat Britain _xPrevention. |
|
| 700 | 1 | _aMansell, Robin. | |
| 700 | 1 | _aCollins, Brian S. | |
| 906 |
_a7 _bcbc _corignew _d1 _eocip _f20 _gy-gencatlg |
||
| 942 |
_2ddc _cBK |
||
| 999 |
_c2592 _d2592 |
||